Sesame Street's 'Bein' Green' Quiz Stats

 Plays Quiz not verified by Sporcle

Also try: Click a CW Show
Challenge
Share
Tweet
Embed
Score 0/136 Timer 08:00
0 Plays Today
% Correct
green,
100%
I
100%
green,
100%
green
100%
green
100%
green
100%
green,
100%
I
100%
I
100%
it
97.3%
it
97.3%
it
97.3%
bein'
95.9%
the
95.9%
the
95.9%
be
95.9%
bein'
95.9%
the
95.9%
the
95.9%
the
95.9%
and
95.9%
be
95.9%
and
95.9%
And
95.9%
be
95.9%
a
95.9%
a
95.9%
a
95.9%
be,
95.9%
and
95.9%
and
95.9%
be.
95.9%
It's
94.6%
It's
94.6%
it's
94.6%
it's
94.6%
not
93.2%
easy
93.2%
not
93.2%
easy
93.2%
not
93.2%
in
87.8%
in
87.8%
in
87.8%
of
86.5%
of
86.5%
% Correct
that
85.1%
to
85.1%
that...
85.1%
to
85.1%
to
85.1%
color
83.8%
so
83.8%
color
83.8%
like
82.4%
like
82.4%
like,
82.4%
like
82.4%
like
82.4%
like
82.4%
red
79.7%
or
78.4%
or
78.4%
or
78.4%
or
78.4%
or
78.4%
or
78.4%
leaves,
77%
yellow
77%
being
77%
think
74.3%
you
74.3%
is
74.3%
is
74.3%
you
74.3%
think
74.3%
things,
71.6%
tree...
71.6%
could
70.3%
something
70.3%
more
70.3%
all
70.3%
could
70.3%
I'm
70.3%
when
68.9%
colorful
68.9%
But
68.9%
can
68.9%
can
68.9%
When
68.9%
but
68.9%
what
68.9%
% Correct
day
67.6%
much
67.6%
Spring,
67.6%
why,
67.6%
why
67.6%
why
67.6%
want
67.6%
there
66.2%
wonder
66.2%
wonder,
66.2%
wonder,
66.2%
having
64.9%
other
64.9%
spend
63.5%
each
63.5%
blend
63.5%
with
63.5%
many
63.5%
sky...
63.5%
tall
63.5%
ordinary
62.2%
nicer
60.8%
green's
60.8%
make
60.8%
mountain,
59.5%
do
59.5%
gold
58.1%
big
56.8%
friendly-
55.4%
fine,
55.4%
beautiful,
55.4%
stars
54.1%
cool
54.1%
out
51.4%
important
50%
it'll
50%
seems
45.9%
water,
45.9%
you're
43.2%
'cause
41.9%
standing
40.5%
sparkles
39.2%
river,
37.8%
flashy
35.1%

You're not logged in!

Compare scores with friends on all Sporcle quizzes.
OR
Log In

You Might Also Like...

Show Comments

Extras

Created Mar 28, 2012ReportNominate
Tags:green, sesame, Sesame Street, street

Top Quizzes Today


Score Distribution

Your Account Isn't Verified!

In order to create a playlist on Sporcle, you need to verify the email address you used during registration. Go to your Sporcle Settings to finish the process.

Report this User

Report this user for behavior that violates our Community Guidelines.

Details: